Biblioteca

Confessing Jesus Christ within the world of religious pluralism (Registro nro. 70666)

Detalles MARC
000 -LÍDER
Campo fijo de descripción fija 01695nab a2200253 i 4500
001 - NÚMERO DE CONTROL
Campo de control 768714001
003 - IDENTIFICADOR DEL NÚMERO DE CONTROL
Campo de control CO-MdFUSB
005 - FECHA Y HORA DE LA ULTIMA TRANSACCIÓN
control field 20240731165013.0
008 - ELEMENTOS DE LONGITUD FIJA -- INFORMACIÓN GENERAL
Campo fijo de descripción fija -- Información general 240731t1990 -us||||| |||| 00| 0 eng d
040 ## - FUENTE DE CATALOGACIÓN
Idioma de catalogación spa
Agencia que realiza la transcripción CO-MdFUSB
Agencia que realiza la modificación CO-MdFUSB
041 ## - CÓDIGO DE IDIOMA
Código de idioma para texto/pista de sonido o título separado eng
100 ## - ASIENTO PRINCIPAL--NOMBRE PERSONAL
Nombre personal Thomsen, Mark, ‎
Término relacionador autor
245 ## - TÍTULO
Título Confessing Jesus Christ within the world of religious pluralism
Mención de responsabilidad / Mark Thomsen
520 ## - NOTA DE RESUMEN, ETC.
Nota de sumario, etc. En esta lucha por la misericordia, la justicia y la rectitud, Dios en Cristo sufrió por nosotros y en nuestro nombre. Esta exploración de una teología de la cruz coloca a Dios dentro de una lucha histórica y profética por la rectitud y la justicia. Jesucristo, clavado en una cruz, como profeta de Dios, demuestra más allá de toda sombra de duda que Dios tiene un interés apasionado por transformar las vidas de los marginados, los condenados, los poseídos por demonios, los pobres, los oprimidos o los enfermos. ¡Esas son buenas noticias! La misión del cuerpo de Cristo está determinada por su cabeza y Señor. Cualquier misión llevada a cabo en nombre de Jesús está obligada a participar en la lucha del reino por la misericordia, la justicia y la rectitud, por la transformación de la vida.
546 ## - NOTA DE IDIOMA
Nota de idioma Texto en inglés.
650 #7 - ASIENTO SECUNDARIO DE MATERIA - TERMINO TEMÁTICO
Término temático o nombre geográfico como elemento de entrada Pluralismo religioso
9 (RLIN) 446
650 #7 - ASIENTO SECUNDARIO DE MATERIA - TERMINO TEMÁTICO
Término temático o nombre geográfico como elemento de entrada Cristología
9 (RLIN) 239
650 #7 - ASIENTO SECUNDARIO DE MATERIA - TERMINO TEMÁTICO
Término temático o nombre geográfico como elemento de entrada Fe
9 (RLIN) 531
650 #0 - ASIENTO SECUNDARIO DE MATERIA - TERMINO TEMÁTICO
Término temático o nombre geográfico como elemento de entrada Simbolismo en la Biblia
9 (RLIN) 1140
650 #7 - ASIENTO SECUNDARIO DE MATERIA - TERMINO TEMÁTICO
Término temático o nombre geográfico como elemento de entrada Hermenéutica bíblica
9 (RLIN) 7333
773 0# - ASIENTO DE ITEM FUENTE
Biblionumber 49483
Itemnumber 82856
Otro identificador del ítem R2720
Título International Bulletinof Missionary Research
Número de control del registro (CO-MdFUSB)768714001
Número Internacional Normalizado para Publicaciones Seriadas (ISSN) 0272-6122
Parte(s) relacionada(s) / Volumen., número. (mes año), páginas Volumen 14, (número 3, 1990), páginas: 115 - 118
Enumeración y primera página página: 115
942 ## - TIPO DE MATERIAL (KOHA)
Tipo de Item KOHA Artículos de Revista
945 ## - INFORMACIÓN LOCAL DEL REGISTRO
Catalogador Catherine Arias Álvarez - Practicante SENA

No hay ítems disponibles.

Biblioteca FUSBC | Teléfono: (57+4) 349 88 10 Ext. 141| WhatsApp (+57) 3005338115 
E-mail: biblioteca@unisbc.edu.co | Calle 76 87-14 Robledo Palenque, Medellín, Colombia

Con tecnología Koha